00665nam a22002297a 45000010005000000030006000050050017000110080041000280200018000690400029000870820010001161000017001262450030001432600041001733000049002144900046002635050009003095210029003185210020003477000033003677000035004008460FISKH20250915083518.0250915b cb ||||| |||| 00| 0 eng d a9780618600427 aFISKHbengcFISKHdFISKH a571.6 aRoach, Linda aCells / cby Linda Roach  aBoston :bHoughton Mifflin , c2006. a16 pages : bcolor illustrations ;c20 cm .  a Houghton Mifflin science leveled readers aR 8 a750 bLexile estimate 8 aR bRaz-Plus  aDurke, StepheneIllustrator  aGibson, Barbara eIllustrator